| 000 | 00547nam a2200193 a 4500 | ||
|---|---|---|---|
| 005 | 20140310183446.0 | ||
| 008 | 081002s19uu xx 00 eng d | ||
| 020 | _a9781584505273 | ||
| 050 |
_aQA 76.76.C672 _b.G3647 2008 |
||
| 100 | _aJacobs, Scott | ||
| 245 | _aGame programming gems 7. | ||
| 260 |
_aBoston, U.S.A : _bCourse Technology, _c2008. |
||
| 300 |
_a586 p. : _bill. ; _c26 cm. |
||
| 650 | _aComputer Studies. | ||
| 650 |
_aComputer games _xProgramming. |
||
| 650 | _aComputer graphics. | ||
| 942 |
_cBK _2lcc _kFOR |
||
| 999 |
_c23237 _d23237 |
||